书目信息 |
| 题名: |
寒北星
|
|
| 作者: | 雷明 主编 | |
| 分册: | ||
| 出版信息: | 北京 作家出版社 2005 |
|
| 页数: | 211页 | |
| 开本: | 21cm | |
| 丛书名: | ||
| 单 册: | ||
| 中图分类: | I252 | |
| 科图分类: | ||
| 主题词: | 报告文学--中国 , 传记文学--中国 | |
| 电子资源: | ||
| ISBN: | 7-5063-2154-8 | |
| 000 | 00613nam0 2200217 450 | |
| 001 | 0933723547 | |
| 005 | 20090417092338.78 | |
| 010 | @a7-5063-2154-8@dCNY18.50 | |
| 100 | @a20090417d2005 km y0chiy0120 ea | |
| 101 | 0 | @achi |
| 102 | @aCN@b110000 | |
| 200 | 1 | @a寒北星@Ahan bei xing@f雷明主编@Flei ming zhu bian |
| 210 | @a北京@c作家出版社@d2005 | |
| 215 | @a211页@d21cm | |
| 215 | @a大型系列报告文学集之一@d20cm | |
| 606 | 0 | @a报告文学@x中国 |
| 606 | 0 | @a传记文学@x中国 |
| 690 | @aI252@v4 | |
| 701 | 0 | @a雷明@Alei ming@4主编 |
| 801 | 0 | @aCN@b大连网信软件有限公司图书馆·11@c20090417 |
| 905 | @aZUCC@dI252@e767 | |
| 寒北星/雷明主编.-北京:作家出版社,2005 |
| 211页;21cm.-大型系列报告文学集之一;20cm |
| ISBN 7-5063-2154-8:CNY18.50 |
| ● |
| 相关链接 |
|
|
|
|
正题名:寒北星
索取号:I252/767
 
预约/预借
| 序号 | 登录号 | 条形码 | 馆藏地/架位号 | 状态 | 备注 |
| 1 | 0626892 | 206268929 | 第一样本阅览室/ [索取号:I252/767] | 在馆 | |
| 2 | 0626893 | 206268938 | 第二借阅区/ [索取号:I252/767] | 在馆 |